International Retail Marketing : (Record no. 15169)
[ view plain ]
| 000 -LEADER | |
|---|---|
| fixed length control field | 00973nam a22002297a 4500 |
| 008 - FIXED-LENGTH DATA ELEMENTS--GENERAL INFORMATION | |
| fixed length control field | 110421s2004 mau|||||r|||| 001 0 eng d |
| 020 ## - INTERNATIONAL STANDARD BOOK NUMBER | |
| International Standard Book Number | 0750657480 |
| 020 ## - INTERNATIONAL STANDARD BOOK NUMBER | |
| International Standard Book Number | 9780750657488 |
| 082 ## - DEWEY DECIMAL CLASSIFICATION NUMBER | |
| Edition number | 22 |
| Classification number | 658.84 |
| Item number | INT |
| 245 ## - TITLE STATEMENT | |
| Title | International Retail Marketing : |
| Remainder of title | A Case Study Approach / |
| Statement of responsibility, etc | [Edited by] Margaret Bruce, Christopher Moore, and Grete Birtwistle |
| 260 ## - PUBLICATION, DISTRIBUTION, ETC. (IMPRINT) | |
| Place of publication, distribution, etc | Oxford ; Burlington, MA : |
| Name of publisher, distributor, etc | Elsevier Butterworth-Heinemann, 2004 |
| Date of publication, distribution, etc | 2004 |
| 300 ## - PHYSICAL DESCRIPTION | |
| Extent | xxvii, 250 p. : |
| Other physical details | ill. ; |
| Dimensions | 25 cm. |
| 504 ## - BIBLIOGRAPHY, ETC. NOTE | |
| Bibliography, etc | Includes bibliographical references and index |
| 650 ## - SUBJECT ADDED ENTRY--TOPICAL TERM | |
| 9 (RLIN) | 23289 |
| Topical term or geographic name as entry element | Retail trade |
| Form subdivision | Case studies |
| 650 ## - SUBJECT ADDED ENTRY--TOPICAL TERM | |
| 9 (RLIN) | 23290 |
| Topical term or geographic name as entry element | International trade |
| Form subdivision | Case studies |
| 653 ## - INDEX TERM--UNCONTROLLED | |
| Resource For college | |
| Arrived date list | April2011 |
| 700 ## - ADDED ENTRY--PERSONAL NAME | |
| 9 (RLIN) | 23288 |
| Personal name | Bruce, Margaret |
| 700 ## - ADDED ENTRY--PERSONAL NAME | |
| 9 (RLIN) | 23291 |
| Personal name | Moore, Christopher |
| 700 ## - ADDED ENTRY--PERSONAL NAME | |
| 9 (RLIN) | 23292 |
| Personal name | Birtwistle, Grete |
| 942 ## - ADDED ENTRY ELEMENTS (KOHA) | |
| Source of classification or shelving scheme | Dewey Decimal Classification |
| Item type | Book - Borrowing |
| Withdrawn status | Item status | Source of classification or shelving scheme | Damaged status | Not for loan | Vendor | Home library | Current library | Shelving location | Date acquired | Source of acquisition | Cost, normal purchase price | Total Checkouts | Total Renewals | Full call number | Barcode | Date last seen | Date last borrowed | Koha item type |
|---|---|---|---|---|---|---|---|---|---|---|---|---|---|---|---|---|---|---|
| Dewey Decimal Classification | Baccah | Central Library | Central Library | First floor | 21/04/2011 | 270.00 | 1 | 1 | 658.84 INT | 000023374 | 15/07/2025 | 25/11/2018 | Book - Borrowing |